[Event "BL2-West 0910"]
[Site "Germany"]
[Date "2010.01.24"]
[Round "5.6"]
[White "Buchal, Stephan"]
[Black "Gallinnis, Norbert"]
[Result "1-0"]
[WhiteElo "2330"]
[BlackElo "2301"]
[PlyCount "77"]
[EventDate "2009.10.18"]
[EventType "team-tourn"]
[EventRounds "9"]
[EventCountry "GER"]
[SourceTitle "EXT 2011"]
[Source "ChessBase"]
[SourceDate "2010.11.26"]
[SourceVersion "1"]
[SourceVersionDate "2010.11.26"]
[SourceQuality "1"]
[WhiteTeam "Hofheim"]
[BlackTeam "Koeln Porz"]
[WhiteTeamCountry "GER"]
[BlackTeamCountry "GER"]

1. e4 e5 2. Nc3 Ne7 3. Nf3 Nbc6 4. Bb5 a6 5. Ba4 Ng6 6. d4 Bd6 7. Bg5 f6 8. Be3 b5 9. Bb3 Na5 10. dxe5 Nxe5 11. Nxe5 Bxe5 12. Qh5+ g6 13. Qh6 Bxc3+ 14. bxc3 Qe7 15. 0-0 Bb7 16. Rae1 0-0-0 17. Bd5 Bxd5 18. exd5 Qd6 19. a4 Qxd5 20. axb5 Qxb5 21. Rb1 Qd5 22. Qf4 d6 23. Qxf6 Rhf8 24. Qg7 Nc4 25. Ba7 Rf7 26. Qh6 a5 27. Qh3+ Qf5 28. Rb8+ Kd7 29. Rxd8+ Kxd8 30. Qh4+ Ke8 31. Qxc4 c5 32. Qb5+ Kf8 33. f3 Qxc2 34. Bb8 Qd2 35. Qxa5 Re7 36. Qa6 Kg7 37. h3 Re2 38. Qxd6 Rxg2+ 39. Kh1 1-0

[Event "NRW Class1 0910"]
[Site "Germany"]
[Date "2009.11.22"]
[Round "3.2"]
[White "Muschik, Benedikt"]
[Black "Gallinnis, Norbert"]
[Result "1/2-1/2"]
[WhiteElo "2284"]
[BlackElo "2301"]
[PlyCount "89"]
[EventDate "2009.09.20"]
[EventType "team-tourn"]
[EventRounds "9"]
[EventCountry "GER"]
[SourceTitle "EXT 2011"]
[Source "ChessBase"]
[SourceDate "2010.11.26"]
[SourceVersion "1"]
[SourceVersionDate "2010.11.26"]
[SourceQuality "1"]
[WhiteTeam "Neuenkirchen"]
[BlackTeam "Porz SG II"]
[WhiteTeamCountry "GER"]
[BlackTeamCountry "GER"]

1. d4 Nf6 2. Bf4 c5 3. e3 e6 4. c3 Nc6 5. Nd2 d5 6. Ngf3 Bd6 7. Ne5 Qc7 8. Ndf3 0-0 9. Bd3 c4 10. Bc2 b5 11. Nxc6 Qxc6 12. Ne5 Qc7 13. 0-0 a5 14. Qf3 Ne4 15. Bxe4 dxe4 16. Qg3 Ra6 17. Ng4 f6 18. h4 h5 19. Nh2 e5 20. dxe5 fxe5 21. Bg5 b4 22. Rad1 a4 23. cxb4 a3 24. b5 Ra7 25. bxa3 c3 26. Rc1 Rxa3 27. Rc2 Be6 28. Rfc1 Bb4 29. b6 Qd6 30. Bh6 Rf7 31. Qg6 Qxb6 32. Nf1 Ra6 33. Bg5 Bd5 34. Qxh5 Rxa2 35. Qe2 Rxc2 36. Qxc2 Ba3 37. Rb1 Qc6 38. Ng3 Bb2 39. Rxb2 cxb2 40. Qxb2 Qd6 41. Qc2 Qb4 42. Qd1 Qc4 43. Qd2 Qb3 44. Kh2 Kh7 45. Qe2 1/2-1/2

[Event "NRW Class1 0708"]
[Site "Germany"]
[Date "2008.04.27"]
[Round "9.3"]
[White "Gallinnis, Norbert"]
[Black "Hainke, Guntram"]
[Result "1-0"]
[WhiteElo "2307"]
[BlackElo "2283"]
[PlyCount "81"]
[EventDate "2007.09.16"]
[EventType "team-tourn"]
[EventRounds "9"]
[EventCountry "GER"]
[SourceTitle "EXT 2009"]
[Source "ChessBase"]
[SourceDate "2008.11.26"]
[SourceVersion "1"]
[SourceVersionDate "2008.11.26"]
[SourceQuality "1"]
[WhiteTeam "Koeln Porz II"]
[BlackTeam "Bielefeld"]
[WhiteTeamCountry "GER"]
[BlackTeamCountry "GER"]

1. e4 e6 2. b3 b6 3. Bb2 Bb7 4. e5 Nh6 5. d4 Bb4+ 6. c3 Be7 7. Nf3 0-0 8. Bd3 d6 9. Qe2 Nd7 10. Nbd2 dxe5 11. dxe5 Nc5 12. Bc2 Qd7 13. Rd1 Rfd8 14. 0-0 Qe8 15. Nd4 a5 16. a4 g6 17. Nb5 Nf5 18. Nc4 Rxd1 19. Rxd1 Rd8 20. f3 Qc6 21. Rxd8+ Bxd8 22. b4 Ba6 23. bxc5 Qxc5+ 24. Kh1 c6 25. Ba3 Qd5 26. Be4 Qd7 27. Nbd6 b5 28. Nd2 Qa7 29. Nxf5 exf5 30. Bd3 Bg5 31. axb5 cxb5 32. Bxb5 Bxb5 33. Qxb5 Kg7 34. Qe2 Qd7 35. Nc4 Qb5 36. g3 h5 37. Kg2 h4 38. e6 fxe6 39. Qxe6 Qb7 40. Qe2 Qd7 41. Nxa5 1-0